| 000 | 01913nam0a2200361 4500 | ||
|---|---|---|---|
| 001 | RU\NLR\BIBL_A\022366607 | ||
| 005 | 20251204122921.0 | ||
| 010 |
_a978-5-9912-1101-7 _9500 |
||
| 021 |
_aRU _bКН-П-24-054353 _9КН-П-24-5416 |
||
| 035 | _a(NLR Aleph) 022366607 | ||
| 090 |
_a13495836 _c13495836 |
||
| 100 | _a20241029d2024 k y0rusy50 ca | ||
| 101 | 0 | _arus | |
| 102 | _aRU | ||
| 105 | _aa z 000yy | ||
| 181 | 0 |
_ai _baxxe |
|
| 182 | 0 | _an | |
| 200 | 1 |
_aМикроволновые плазмохимические технологии формирования наноструктурных покрытий _fИ. Н. Антонов, В. В. Комаров, А. В. Дураков |
|
| 203 |
_aТекст _bвизуальный _cнепосредственный |
||
| 210 |
_aМосква _cГорячая линия - Телеком _d2024 |
||
| 215 |
_a203 с. _cил. _d22 |
||
| 320 | _aБиблиогр. в конце гл. | ||
| 606 |
_aИмплантаты биокерамические _xЗащитные покрытия _xНанесение _xПлазменного напыления метод _2nlr_sh2 _3RU\NLR\AUTH\6601763476 |
||
| 606 | 1 |
_aЗащитные покрытия тонкопленочные _xНанесение _xПлазменного напыления метод _2nlr_sh2 _3RU\NLR\AUTH\661323448 |
|
| 686 | 1 | _aК769.017 | |
| 686 | 1 | _aК663.033.057.2 | |
| 700 | 1 |
_aАнтонов _bИ. Н. _cканд. физ.-мат. наук _gИгорь Николаевич _3RU\NLR\AUTH\7750614 |
|
| 701 | 1 |
_aКомаров _bВ. В. _cд-р техн. наук, канд. физ.-мат. наук _f1965- _gВячеслав Вячеславович _3RU\NLR\AUTH\7731923 |
|
| 701 | 1 |
_aДураков _bА. В. _gАндрей Владимирович |
|
| 942 | _cBOOK | ||
| 980 | _aNB | ||